Protéines végétales / (Record no. 13300)
[ view plain ]
| 000 -LEADER | |
|---|---|
| fixed length control field | 00393cam a2200145 a 4500 |
| 020 ## - INTERNATIONAL STANDARD BOOK NUMBER | |
| ISBN | 2852062399 |
| 040 ## - CATALOGING SOURCE | |
| Transcribing agency | DLC |
| 082 00 - DEWEY DECIMAL CLASSIFICATION NUMBER | |
| Classification number | 581 APR 1985 A026 Or. |
| 245 00 - TITLE STATEMENT | |
| Title | Protéines végétales / |
| 260 ## - PUBLICATION, DISTRIBUTION, ETC. (IMPRINT) | |
| Place of publication | Paris : |
| Name of publisher | Technique et documentation-Lavoisier : |
| -- | APRIA, |
| Year of publication | c1985. |
| 300 ## - PHYSICAL DESCRIPTION | |
| Number of Pages | xxvi, 629 p. : |
| Other physical details | ill. ; |
| Dimensions | 25 cm. |
| 650 #0 - SUBJECT ADDED ENTRY--TOPICAL TERM | |
| Topical Term | Plant proteins as food. |
| 700 1# - ADDED ENTRY--PERSONAL NAME | |
| Personal name | Godon, B. |
| 942 ## - ADDED ENTRY ELEMENTS (KOHA) | |
| Koha item type | សៀវភៅភាសាអង់គ្លេស |
| 952 ## - LOCATION AND ITEM INFORMATION (KOHA) | |
| Withdrawn status [LOCAL, KOHA] | 0 |
| Permanent Location | Date acquired | Koha item type | Lost status | Shelving location | Barcode | Current Location | Full call number |
|---|---|---|---|---|---|---|---|
| Library Block A | 2017-08-23 | សៀវភៅភាសាអង់គ្លេស | A026 | A19799 | Library Block A | 581 APR 1985 A026 Or. |